| 000 | 00902cam a22002054a 4500 | ||
|---|---|---|---|
| 005 | 20250605164022.0 | ||
| 008 | 250528s ||||||||||||||||||||||||d | ||
| 035 | _a16363 | ||
| 020 | _a713471719 | ||
| 040 |
_aGR-AtMCL _bgre _dGR-AtMCL _eAACR2 |
||
| 245 | 1 | _aIllustration / For Professional Communicators | |
| 260 |
_bBatsford, _c1993 |
||
| 300 | _a98 | ||
| 505 | 0 | _aWhat is the Purpose of Your Illustration, Who is it For, For How Long Will it Be Seen, How Will It Reproduced, How Much Time Has Been Allowed, What are Your Own Particular Skills, Glossary, Bibliography, Index. | |
| 520 | _aWhat is the Purpose of Your Illustration, Who is it For, For How Long Will it Be Seen, How Will It Reproduced, How Much Time Has Been Allowed, What are Your Own Particular Skills, Glossary, Bibliography, Index. | ||
| 700 | 1 |
_aSquires Vicky _92456 |
|
| 942 | _cBK | ||
| 999 |
_c1872 _d1872 |
||